A new approach to building your personal brand (Record no. 5431)

MARC details
000 -CABECERA
campo de control de longitud fija 01109nam a22002297a 4500
003 - IDENTIFICADOR DEL NÚMERO DE CONTROL
campo de control OSt
005 - FECHA Y HORA DE LA ÚLTIMA TRANSACCIÓN
campo de control 20260511111812.0
008 - DATOS DE LONGITUD FIJA--INFORMACIÓN GENERAL
campo de control de longitud fija 260428b |||||||| |||| 00| 0 eng d
022 ## - NÚMERO INTERNACIONAL NORMALIZADO PARA PUBLICACIONES SERIADAS
Número Internacional Normalizado para Publicaciones Seriadas 0017-8012
040 ## - FUENTE DE LA CATALOGACIÓN
Centro catalogador/agencia de origen TBS
Lengua de catalogación EN
Centro/agencia transcriptor TBS
041 ## - CÓDIGO DE LENGUA
Código de lengua del texto/banda sonora o título independiente eng
100 ## - ENTRADA PRINCIPAL--NOMBRE DE PERSONA
Nombre de persona Avery, Jill
9 (RLIN) 26923
Término indicativo de función/relación author
245 ## - MENCIÓN DE TÍTULO
Título A new approach to building your personal brand
Mención de responsabilidad, etc. / Jill Avery, Rachel Greenwald.
260 ## - PUBLICACIÓN, DISTRIBUCIÓN, ETC.
Nombre del editor, distribuidor, etc. Harvard Business Review,
Fecha de publicación, distribución, etc. 2025
300 ## - DESCRIPCIÓN FÍSICA
Extensión 10–15 pages.
490 ## - MENCIÓN DE SERIE
Mención de serie Harvard Business Review
Designación de volumen o secuencia vol. 103
505 ## - NOTA DE CONTENIDO CON FORMATO
Nota de contenido con formato Much of professional and personal success depends on persuading others to recognize your value. You have to do this when you apply for jobs, ask for promotions, vie for leadership positions, or write your dating profile. For better or worse, in today’s world everyone is a brand, and you need to develop yours and get comfortable marketing it.
630 #0 - PUNTO DE ACCESO ADICIONAL DE MATERIA--TÍTULO UNIFORME
Título uniforme B2 PBT ​​Personal Brand​ (BiM)
9 (RLIN) 26903
700 ## - ENTRADA AGREGADA--NOMBRE PERSONAL
Nombre de persona Greenwald, Rachel
9 (RLIN) 26924
Término indicativo de función/relación author
856 ## - LOCALIZACIÓN Y ACCESO ELECTRÓNICOS
Identificador Uniforme del Recurso <a href="https://research-ebsco-com.hub.tbs-education.fr/linkprocessor/plink?id=738f7d2a-8c91-3eb4-91ef-27ae39341519">https://research-ebsco-com.hub.tbs-education.fr/linkprocessor/plink?id=738f7d2a-8c91-3eb4-91ef-27ae39341519</a>
942 ## - ELEMENTOS DE ENTRADA AGREGADA (KOHA)
Fuente del sistema de clasificación o colocación Clasificación de Library of Congress
Holdings
Estado de retiro Estado de pérdida Fuente del sistema de clasificación o colocación Estado dañado No para préstamo Código de colección Biblioteca de origen Biblioteca actual Fecha de adquisición Total de préstamos Fecha visto por última vez Identificador Uniforme del Recurso Precio válido a partir de Tipo de ítem Koha
    Clasificación Decimal Dewey     Core Textbooks TBS Barcelona TBS Barcelona 08/05/2026   08/05/2026 https://research-ebsco-com.hub.tbs-education.fr/linkprocessor/plink?id=738f7d2a-8c91-3eb4-91ef-27ae39341519 08/05/2026 Academic Article

Powered by Koha